Contabilidad moderna 2 /
Guardado en:
| Autor Principal: | |
|---|---|
| Formato: | Libro |
| Publicado: |
Buenos Aires :
Troquel,
1979
|
| Edición: | 10a. ed. |
| Materias: | |
| Etiquetas: |
Agregar Etiqueta
Sin Etiquetas, Sea el primero en etiquetar este registro!
|
| LEADER | 00895nam a22001935a 4500 | ||
|---|---|---|---|
| 001 | CEM.cems002771 | ||
| 005 | 20060220000000.0 | ||
| 008 | 130507s1979##################000#0#####d | ||
| 003 | CEMS | ||
| 082 | 0 | 4 | |a 657 |
| 100 | 1 | |a García Apolinar, Edgardo | |
| 245 | 1 | 0 | |a Contabilidad moderna 2 / |c Edgardo García Apolinar |
| 250 | |a 10a. ed. | ||
| 260 | |a Buenos Aires : |b Troquel, |c 1979 | ||
| 300 | |a 225 p. | ||
| 505 | 0 | |a Empresa societaria.-Agentes auxiliares de comercio.-Retribucion al personal dependiente.-Operaciones de la empresa en relacion con las disponibilidades , los bienes de uso , los bienes de cambio y credito. -Medios de registracion y libros de contabilidad:medios manuales, mecanicos y semimecanicos.-Balance general de fin de ejercicio.-Analisis de cuentas. | |
| 653 | |a Contabilidad | ||
| 653 | |a Contabilidad 2do. año | ||
| 859 | |a CEMS |b BIB. CEMS - 11 de abril |h 657 |i G165a10/II |p 8164.80 |t Ej.1 | ||
